[Event "27. Torneo San Viator 2016 - Troneo B"]
[Site "Madrid ESP"]
[Date "2016.11.06"]
[Round "7.27"]
[White "Garcia Pumarega, Alejandro"]
[Black "Gallego Romero, Manuel"]
[Result "0-1"]
[WhiteElo "1315"]
[BlackElo "1435"]
[PlyCount "86"]
[EventDate "2016.09.25"]
[EventType "swiss"]
[EventRounds "9"]
[EventCountry "ESP"]
[Source "lmi"]
[SourceDate "2016.09.25"]

1. e4 e5 2. Nf3 Nc6 3. Bb5 a6 4. Ba4 b5 5. Bb3 d6 6. O-O h6 7. c3 Nf6 8. d4 Bd7
9. Bc2 Be7 10. Re1 O-O 11. Nbd2 Re8 12. h3 Bf8 13. Nf1 Na5 14. Ng3 c5 15. dxc5
dxc5 16. b3 Qc7 17. Ba3 Rad8 18. Qe2 c4 19. Bxf8 Kxf8 20. bxc4 Nxc4 21. Bd3 Be6
22. Bxc4 Bxc4 23. Qb2 Rd3 24. Nd2 Qa7 25. Nxc4 bxc4 26. Qb4+ Kg8 27. Qxc4 Rxg3
28. Rad1 Rg6 29. Rd6 Kh7 30. Rxa6 Qb7 31. Rc6 Qd7 32. Rc7 Qxh3 33. g3 Ng4 34.
Qxf7 Nxf2 35. Qxe8 Qxg3+ 36. Kf1 Nd3 37. Ke2 Nxe1 38. Rc8 Rf6 39. Qh8+ Kg6 40.
Qe8+ Kg5 41. Kd2 Rf2+ 42. Kc1 Nd3+ 43. Kb1 Qg1# 0-1

[Event "27. Torneo San Viator 2016 - Troneo B"]
[Site "Madrid ESP"]
[Date "2016.11.06"]
[Round "7.29"]
[White "Gomez Logrosan, Cristian"]
[Black "Rufo Yebra, Benito"]
[Result "1-0"]
[WhiteElo "1309"]
[BlackElo "1393"]
[PlyCount "27"]
[EventDate "2016.09.25"]
[EventType "swiss"]
[EventRounds "9"]
[EventCountry "ESP"]
[Source "lmi"]
[SourceDate "2016.09.25"]

1. e4 e5 2. Nf3 d6 3. Bc4 h6 4. Nc3 f6 5. h3 Nc6 6. d3 Na5 7. Bb3 Nxb3 8. axb3
Bd7 9. O-O Be7 10. Be3 b6 11. Qe2 Qc8 12. d4 exd4 13. Nxd4 Qb7 14. f3 1-0

[Event "27. Torneo San Viator 2016 - Troneo B"]
[Site "Madrid ESP"]
[Date "2016.11.06"]
[Round "7.30"]
[White "Jimenez Perez, Federico"]
[Black "Periotto Miori, Caterina"]
[Result "1-0"]
[WhiteElo "1377"]
[BlackElo "1151"]
[PlyCount "61"]
[EventDate "2016.09.25"]
[EventType "swiss"]
[EventRounds "9"]
[EventCountry "ESP"]
[Source "lmi"]
[SourceDate "2016.09.25"]

1. e4 c5 2. Nf3 d6 3. Bb5+ Bd7 4. Bxd7+ Qxd7 5. O-O Nc6 6. c3 Nf6 7. Re1 e6 8.
d4 cxd4 9. cxd4 d5 10. e5 Ne4 11. Nc3 Nxc3 12. bxc3 Be7 13. Bg5 O-O 14. a4 a6
15. a5 Bxg5 16. Nxg5 Qd8 17. Qh5 h6 18. Nh3 Nxa5 19. Re3 Nc6 20. Rg3 Ne7 21.
Qxh6 Nf5 22. Rxg7+ Nxg7 23. Ng5 Re8 24. Qh7+ Kf8 25. Qh8+ Ke7 26. Qxg7 Rf8 27.
h4 Qe8 28. f4 Rc8 29. f5 exf5 30. Qf6+ Kd7 31. Qd6# 1-0

[Event "27. Torneo San Viator 2016 - Troneo B"]
[Site "Madrid ESP"]
[Date "2016.11.06"]
[Round "7.32"]
[White "Garcia Lozano, Javier"]
[Black "Fogue Caro, David"]
[Result "1-0"]
[WhiteElo "1359"]
[BlackElo "1524"]
[PlyCount "71"]
[EventDate "2016.09.25"]
[EventType "swiss"]
[EventRounds "9"]
[EventCountry "ESP"]
[Source "lmi"]
[SourceDate "2016.09.25"]

1. e4 c5 2. Nf3 e6 3. d4 cxd4 4. Nxd4 Nf6 5. Nc3 Bb4 6. Bd2 Bxc3 7. Bxc3 Nxe4
8. Qf3 Nxc3 9. Qxc3 a6 10. O-O-O Qf6 11. Qxc8+ Qd8 12. Qxd8+ Kxd8 13. g3 d5 14.
c4 e5 15. Nf5 d4 16. f4 g6 17. Nd6 Kc7 18. Nxf7 Re8 19. Nxe5 Nc6 20. Nxc6 bxc6
21. Rxd4 Re1+ 22. Rd1 Rae8 23. Bg2 R1e2 24. Bh3 Rf2 25. Rd7+ Kb6 26. Rd2 Rf3
27. Rhd1 Rfe3 28. Bg2 Kc5 29. b3 a5 30. g4 Rf8 31. Rd6 Rxf4 32. Rxc6+ Kb4 33.
Rd2 Kc3 34. Rc2+ Kb4 35. Kb2 Rxg4 36. a3# 1-0

[Event "27. Torneo San Viator 2016 - Troneo B"]
[Site "Madrid ESP"]
[Date "2016.11.06"]
[Round "7.33"]
[White "Lopez Martin, Israel"]
[Black "Gonzalez Morente, Jose A"]
[Result "1-0"]
[WhiteElo "1478"]
[BlackElo "1382"]
[PlyCount "76"]
[EventDate "2016.09.25"]
[EventType "swiss"]
[EventRounds "9"]
[EventCountry "ESP"]
[Source "lmi"]
[SourceDate "2016.09.25"]

1. e4 e5 2. Nf3 Nc6 3. Bb5 a6 4. Ba4 Bc5 5. c3 d6 6. d4 exd4 7. cxd4 Bb4+ 8.
Bd2 Bxd2+ 9. Nbxd2 Bd7 10. O-O Nge7 11. Re1 O-O 12. a3 Bg4 13. h3 Bh5 14. d5
Nd4 15. Rc1 c6 16. g4 Nxf3+ 17. Nxf3 b5 18. Bc2 Bg6 19. h4 Qd7 20. Nh2 h6 21.
f4 f5 22. gxf5 Nxf5 23. exf5 Bxf5 24. Bxf5 Rxf5 25. dxc6 Qa7+ 26. Kh1 Rxf4 27.
Qxd6 Rxh4 28. Qg3 Rh5 29. Re5 Qc7 30. Qb3+ Kh7 31. Rxh5 Rf8 32. Qd3+ Kg8 33.
Qd5+ Kh7 34. Rf1 Rd8 35. Qe4+ Kg8 36. Qe6+ Kh7 37. Rd5 Rc8 38. Rf7 Qb6 1-0

[Event "27. Torneo San Viator 2016 - Troneo B"]
[Site "Madrid ESP"]
[Date "2016.11.06"]
[Round "7.34"]
[White "Del Noval Nemeshazi, Mario"]
[Black "Fernandez Munoz, Jesus Norbert"]
[Result "0-1"]
[WhiteElo "1304"]
[BlackElo "1435"]
[PlyCount "32"]
[EventDate "2016.09.25"]
[EventType "swiss"]
[EventRounds "9"]
[EventCountry "ESP"]
[Source "lmi"]
[SourceDate "2016.09.25"]

1. e4 e5 2. Nf3 Nf6 3. Nxe5 Nc6 4. Nxc6 dxc6 5. Nc3 Bc5 6. Bc4 O-O 7. O-O Ng4
8. d3 Qh4 9. h3 Nxf2 10. d4 Nxd1 11. Rxd1 Bd6 12. e5 Bxe5 13. Bxf7+ Rxf7 14.
dxe5 Qf2+ 15. Kh1 Bxh3 16. gxh3 Qf3+ 0-1

[Event "27. Torneo San Viator 2016 - Troneo B"]
[Site "Madrid ESP"]
[Date "2016.11.06"]
[Round "7.35"]
[White "Lozano Serrano, Nuria"]
[Black "Cuerda Montagud, Tomas"]
[Result "0-1"]
[WhiteElo "1188"]
[BlackElo "1416"]
[PlyCount "84"]
[EventDate "2016.09.25"]
[EventType "swiss"]
[EventRounds "9"]
[EventCountry "ESP"]
[Source "lmi"]
[SourceDate "2016.09.25"]

1. c4 e5 2. Nc3 Nf6 3. g3 d5 4. cxd5 Nxd5 5. Bg2 Nb6 6. Nf3 Nc6 7. O-O Be7 8.
b3 O-O 9. Bb2 f6 10. e3 Be6 11. d4 Qd7 12. dxe5 fxe5 13. Ne4 Bg4 14. Qxd7 Nxd7
15. Nfd2 Rad8 16. Nc4 Bf3 17. Bxf3 Rxf3 18. Rfd1 Rff8 19. Rd2 Nf6 20. Nxf6+
Bxf6 21. Rad1 Rxd2 22. Rxd2 e4 23. Bxf6 gxf6 24. Rd1 Nb4 25. Rd7 Rf7 26. Rxf7
Kxf7 27. a4 a6 28. Kf1 Ke6 29. Ke2 Nd3 30. f3 f5 31. Nd2 Kd5 32. fxe4+ fxe4 33.
Kd1 c5 34. Kc2 Ne5 35. h3 c4 36. g4 c3 37. Nf1 Nd3 38. Ng3 Nf2 39. Nf5 Nxh3 40.
Ne7+ Kd6 41. Nf5+ Ke5 42. Ne7 Nf2 0-1

[Event "27. Torneo San Viator 2016 - Troneo B"]
[Site "Madrid ESP"]
[Date "2016.11.06"]
[Round "7.37"]
[White "Palomares Cortez, Facundo Seba"]
[Black "Rivera Rodriguez, Luis Fernand"]
[Result "0-1"]
[WhiteElo "1184"]
[BlackElo "1394"]
[PlyCount "116"]
[EventDate "2016.09.25"]
[EventType "swiss"]
[EventRounds "9"]
[EventCountry "ESP"]
[Source "lmi"]
[SourceDate "2016.09.25"]

1. Nf3 d5 2. g3 Nc6 3. Bg2 Nf6 4. d3 e5 5. Nbd2 Bf5 6. b3 Bc5 7. O-O O-O 8. c4
e4 9. Nh4 e3 10. fxe3 Bxe3+ 11. Kh1 Bg4 12. Nf5 Re8 13. Nxe3 Rxe3 14. Bf3 Nd4
15. Bxg4 Nxg4 16. Rf4 Qd7 17. Qf1 Nxe2 18. Rf3 Rae8 19. Rxe3 Rxe3 20. Nf3 Nxc1
21. Rxc1 dxc4 22. dxc4 Qc6 23. Rd1 h6 24. Rd8+ Kh7 25. Rd3 Nf2+ 26. Qxf2 Rxd3
27. Kg2 Qe4 28. g4 Qxg4+ 29. Qg3 Qxg3+ 30. Kxg3 g5 31. Kg4 Rd1 32. Ne5 Rf1 33.
Nd7 f5+ 34. Kg3 f4+ 35. Kg4 Rg1+ 36. Kf3 h5 37. Ne5 Rf1+ 38. Kg2 Re1 39. Nf3
Re2+ 40. Kf1 Rxa2 41. Nxg5+ Kg6 42. Nh3 Kf5 43. Ng1 Rxh2 44. Nf3 Rh3 45. Kg2
Rxf3 46. Kxf3 h4 47. b4 b6 48. b5 h3 49. Kf2 Kg4 50. Kg1 Kf3 51. Kh2 Ke2 52.
Kxh3 f3 53. Kg3 f2 54. Kh2 f1=Q 55. Kg3 Qf3+ 56. Kh2 Qg4 57. Kh1 Kf2 58. c5
Qg2# 0-1

[Event "27. Torneo San Viator 2016 - Troneo B"]
[Site "Madrid ESP"]
[Date "2016.11.06"]
[Round "7.39"]
[White "Vicioso Barbadillo, Juan J"]
[Black "Pastor Diaz, David"]
[Result "0-1"]
[WhiteElo "1100"]
[BlackElo "1378"]
[PlyCount "90"]
[EventDate "2016.09.25"]
[EventType "swiss"]
[EventRounds "9"]
[EventCountry "ESP"]
[Source "lmi"]
[SourceDate "2016.09.25"]

1. e4 e5 2. Nf3 Nc6 3. Bc4 Nf6 4. d3 Bc5 5. O-O d5 6. exd5 Nxd5 7. Bxd5 Qxd5 8.
Nc3 Qd8 9. Na4 Bd6 10. c4 b6 11. Be3 Bb7 12. a3 Qd7 13. b4 O-O-O 14. c5 b5 15.
Nc3 Be7 16. Nxb5 a6 17. Nc3 Qxd3 18. Qxd3 Rxd3 19. Rfc1 f5 20. Bg5 Bxg5 21.
Nxg5 h6 22. Nf3 e4 23. Ne1 Rd7 24. b5 Nd4 25. b6 Nb3 26. bxc7 Nxa1 27. Rxa1
Rxc7 28. Na4 Kb8 29. Nc2 Rd8 30. Ne3 Rcd7 31. Rb1 Ka7 32. g3 Rd2 33. Nc3 R2d3
34. Ne2 Rxa3 35. Nxf5 Ra2 36. Nc3 Rad2 37. Nd6 Rb8 38. Ndxe4 Bxe4 39. Nxe4
Rxb1+ 40. Kg2 Rc2 41. h4 a5 42. g4 a4 43. Nd6 Rxc5 44. Ne4 Rc2 45. Kg3 a3 0-1

[Event "27. Torneo San Viator 2016 - Troneo B"]
[Site "Madrid ESP"]
[Date "2016.11.06"]
[Round "7.42"]
[White "Mora Gonzalez-Rojas, Francisco"]
[Black "Garcia Pumarega, Cesar"]
[Result "1-0"]
[WhiteElo "1283"]
[BlackElo "1274"]
[PlyCount "51"]
[EventDate "2016.09.25"]
[EventType "swiss"]
[EventRounds "9"]
[EventCountry "ESP"]
[Source "lmi"]
[SourceDate "2016.09.25"]

1. e4 e5 2. Nf3 Nc6 3. Bc4 Nf6 4. Ng5 d5 5. exd5 Na5 6. Bb5+ Nd7 7. Nf3 a6 8.
Bxd7+ Qxd7 9. Nxe5 Qxd5 10. Nf3 Bg4 11. Nc3 Qe6+ 12. Qe2 Qxe2+ 13. Nxe2 Bxf3
14. gxf3 O-O-O 15. d3 Bb4+ 16. Nc3 Rhe8+ 17. Be3 Bxc3+ 18. bxc3 b5 19. f4 g5
20. O-O gxf4 21. Bxf4 Rg8+ 22. Kh1 Rg4 23. Be3 Rdg8 24. Rg1 f5 25. Rxg4 Rxg4
26. Bd2 1-0

[Event "27. Torneo San Viator 2016 - Troneo B"]
[Site "Madrid ESP"]
[Date "2016.11.06"]
[Round "7.45"]
[White "Marinas Olaya, Marta"]
[Black "Guillo Sanchez-Galiano, Ernest"]
[Result "0-1"]
[WhiteElo "1359"]
[BlackElo "1202"]
[PlyCount "49"]
[EventDate "2016.09.25"]
[EventType "swiss"]
[EventRounds "9"]
[EventCountry "ESP"]
[Source "lmi"]
[SourceDate "2016.09.25"]

1. e4 d6 2. d4 Nf6 3. Nc3 g6 4. Bg5 Bg7 5. e5 dxe5 6. dxe5 Qxd1+ 7. Rxd1 Nfd7
8. Nb5 Na6 9. f4 f6 10. exf6 exf6 11. Bh4 O-O 12. Bc4+ Kh8 13. Ne2 Nb6 14. Bb3
Bg4 15. Nbc3 Nc5 16. g3 Bxe2 17. Nxe2 Nxb3 18. cxb3 f5 19. Rc1 c6 20. Rb1 Rfe8
21. b4 Re4 22. a3 Rae8 23. Kd2 Rxe2+ 24. Kd3 Nd5 25. Kc4 0-1